Lean manufacturing : Tools, techniques, and how to use them
There are some very good books available that explain the Lean Manufacturing theory and touch on implementing its techniques. However, you cannot learn "how to be" lean from merely reading the theory. And to be successful in the real-work environment you need a clear comprehension of how l...
Bewaard in:
| Hoofdauteur: | |
|---|---|
| Formaat: | Boek |
| Taal: | Undetermined |
| Gepubliceerd in: |
Boca Raton, FL
St. Lucie Press
2001
|
| Onderwerpen: | |
| Tags: |
Voeg label toe
Geen labels, Wees de eerste die dit record labelt!
|
| Thư viện lưu trữ: | Trung tâm Học liệu Trường Đại học Cần Thơ |
|---|
| LEADER | 01165nam a2200205Ia 4500 | ||
|---|---|---|---|
| 001 | CTU_230789 | ||
| 008 | 210402s9999 xx 000 0 und d | ||
| 082 | |a 658.5 | ||
| 082 | |b F312 | ||
| 100 | |a Feld, William M. | ||
| 245 | 0 | |a Lean manufacturing : | |
| 245 | 0 | |b Tools, techniques, and how to use them | |
| 245 | 0 | |c William F. Feld | |
| 260 | |a Boca Raton, FL | ||
| 260 | |b St. Lucie Press | ||
| 260 | |c 2001 | ||
| 520 | |a There are some very good books available that explain the Lean Manufacturing theory and touch on implementing its techniques. However, you cannot learn "how to be" lean from merely reading the theory. And to be successful in the real-work environment you need a clear comprehension of how lean techniques work, rather than just a remote understanding of what they are. You need to know what does and does not work in different situations. And you need the benefit of practical experience in their implementation.Lean Manufacturing: Tools, Techniques, and How to Use Them gives you the benef. | ||
| 650 | |a Quản trị sản xuất,Production management | ||
| 910 | |b nthai | ||
| 980 | |a Trung tâm Học liệu Trường Đại học Cần Thơ | ||